00634nam a2200217Ia 4500003000400000005001700004008004100021020001800062040002000080082001700100100001400117245006200131250001100193260004300204300003300247500001900280650003500299650003500334650002900369700001800398OSt20180816142351.0850422s2010 enka 001 0 eng d a9788173716713 aMu_edcEUWbeng 221a612bPGT1 aPal, G K 00aTextbook of Practical Physiology /cG K Pal, Pravati PaL. a3rd ed aNew Delhi:bUniversities Press ,c2010 axiv, 436 p. :bill. ;c28 cm aIncludes index 2aPhysiologyxlaboratory manuals 0aPhysiologyxLaboratory manuals 0aPhysiology, Experimental aPaL, Pravati